000 00833nam a22002535i 4500
001 STB035678
005 20141023114617.0
008 130507s2014 cau 000 0 eng
010 _a2013939739
020 _a9781446269770 (pbk. : alk. paper)
040 _aDLC
_beng
_erda
_cDLC
042 _apcc
050 0 0 _aQA 20.G35
_b.T797 2014
100 1 _aTucker, Kate.
245 1 0 _aMathematics through play in the early years /
_cKate Tucker.
250 _a3rd edition.
260 _aLondon :
_bSAGE Publication Ltd.,
_cc2014.
263 _a1401.
300 _ax, 150 pages :
_billustrations ;
_c31 cm.
504 _aIncludes bibliographical references and index.
650 0 _aMathematics
_xStudy and teaching (Elementary)
_zGreat Britain.
650 0 _aGames in mathematics education
_zGreat Britain.
942 _2lcc
_cBK
_kFOR
999 _c275933
_d275933